A straightforward guide to managing commercial property: business leases and tenancies; the landlord and tenants handbook (Record no. 102562)

MARC details
000 -LEADER
fixed length control field 01223cam a2200241 4500
008 - FIXED-LENGTH DATA ELEMENTS--GENERAL INFORMATION
fixed length control field 021212n2000 000 0 eng u
020 ## - INTERNATIONAL STANDARD BOOK NUMBER
International Standard Book Number 1899924434
035 ## - SYSTEM CONTROL NUMBER
System control number (Sirsi) u120762
041 ## - LANGUAGE CODE
Language code of text/sound track or separate title eng.
050 ## - LIBRARY OF CONGRESS CALL NUMBER
Classification number 346.4104343
100 ## - MAIN ENTRY--PERSONAL NAME
Personal name Rimmer, Steven
245 #2 - TITLE STATEMENT
Title A straightforward guide to managing commercial property: business leases and tenancies; the landlord and tenants handbook
260 ## - PUBLICATION, DISTRIBUTION, ETC.
Place of publication, distribution, etc. London
Name of publisher, distributor, etc. Straightforward Publishing
Date of publication, distribution, etc. 2000
300 ## - PHYSICAL DESCRIPTION
Extent 123p.
Dimensions 22cm.
350 ## - PRICE (NR) (BK AM CF MU VM SE) [OBSOLETE]
Price 9.99
490 ## - SERIES STATEMENT
Series statement Straightforward Guides
520 ## - SUMMARY, ETC.
Summary, etc. Aims to give a brief introduction to the effective management of business leases/tenancies of business premises. Takes a practical approach, avoiding technical jargon. Covers the nature of a lease and the way it is constucted, and moves on to discuss the nature of a business lease. Looks at rent reviews, maintenance, insurance, service charges, assigning a lease, repossession, dispute resolution and security of tenure for business tenants under the law.
650 ## - SUBJECT ADDED ENTRY--TOPICAL TERM
Topical term or geographic name entry element BUSINESS LEASES
650 ## - SUBJECT ADDED ENTRY--TOPICAL TERM
Topical term or geographic name entry element BUSINESS TENANCIES
650 ## - SUBJECT ADDED ENTRY--TOPICAL TERM
Topical term or geographic name entry element PROPERTY-COMMERCIAL PROPERTY-COMMERCIAL PROPERTY MANAGEMENT
690 ## - LOCAL SUBJECT ADDED ENTRY--TOPICAL TERM (OCLC, RLIN)
Topical term or geographic name as entry element LANDLORD AND TENANT-BUSINESS TENANCIES
942 ## - ADDED ENTRY ELEMENTS (KOHA)
Suppress in OPAC 0
Holdings
Withdrawn status Lost status Source of classification or shelving scheme Damaged status Not for loan Home library Current library Shelving location Date acquired Cost, normal purchase price Total Checkouts Full call number Barcode Date last seen Date last checked out Copy number Cost, replacement price Price effective from Koha item type
    Dewey Decimal Classification     London London Books 26/02/2003 8.99 35 346.4104343 RIM 30068385 06/08/2019 02/12/2008 1 8.99 06/08/2019 Book